Statistiques concernant Retrouvez qui a dit cette réplique (disney/pixar) #4

Cliquez ici pour prendre le quiz!

Statistiques générales

  • Ce quiz a été pris 258 fois
    (117 depuis la dernière actualisation)
  • Le résultat moyen est 5 sur 15

Statistiques - réponses

HintRépliqueRéponse% Correct
4Je rêve ou je suis en train de me battre en duel contre un cheval ?Flynn Rider (Raiponce)
80%
13Chaque fois que tu te sentiras seul, n'oublie pas que tous ces rois seront la pour te guider.Mufasa (le roi lion)
71%
7Détendez vous, ne pensez plus à rien, prenez place. Et laissez la haute gastronomie française vous présenter votre diner.Lumière (La belle et la bête)
59%
9La garderie ? Mais vous avez tous perdu la boule ?Woody (Toy story 3)
45%
12Moi aussi j'ai un boulot qui m'attends. Bon c'est un boulot qui casse des briques mais c'est mon boulot à moi.Ralph (les mondes de Ralph)
43%
10Je tape du pied ! Alors mes parents m'ont appelé...Pan pan (Bambi)
41%
2Serait ce chien qui vient de dire bonjour ?Carl (La haut)
31%
8Un seul homme peut faire la différence entre victoire et défaite.Mulan
29%
15Ce garçon à un grain. Je l'occupe profitez en pour vous sauver.Olaf (La reine des neiges)
23%
1Je crois en toi... Plus qu'en n'importe qui à n'importe quoi.Anna (La reine des neiges 2)
16%
3Je vais te mettre dans un malaxeur appuyer sur purée, te cuire comme une tarte et te donner à manger au travailleur social.Nani (Lilo et Stitch)
14%
6L'un de nous devrait monter en bas, chercher en haut. En haut... en bas.Prof (Blanche neige)
13%
14Mais elle a une grande bouche comme un hippopotame !Berlioz (Les aristochats)
11%
5Je suis un piranha, je vis dans l'amazoneDarla (le monde de mémo)
10%
11J'ai jamais eu de père mais toi je t'ai toujours eu.Ian (En avant)
9%

Distribution des résultats

Percentile par nombre de réponses

% des personnes avec chaque résultat

Votre développement - résultats

Vous n’avez pas pris ce quiz depuis la dernière actualisation